000 00278nam a2200121Ia 4500
005 20251222154314.0
008 251222s9999||||xx |||||||||||||| ||spa||
020 _a84-206-1842-X
082 _a868.611/A36C
100 _a"Alberti, Rafael"
245 0 _aCal y canto
942 _cLIB
999 _c33502
_d33502